Loading...
| History - Other | 0 | 6 | 0 | 0 | 60 | 77 | 95.67 | 0 | 4 | 0.00 | 0.00 |
| Literature - British | 0 | 4 | 0 | 0 | 40 | 71 | 107.25 | 0 | 3 | 0.00 | 0.00 |
| Science - Biology | 0 | 3 | 1 | 0 | 25 | 56 | 72.67 | 1 | 2 | 0.00 | 0.00 |
| Geography | 0 | 2 | 0 | 0 | 20 | 68 | 69.00 | 0 | 2 | 0.00 | 0.00 |
| Science - Chemistry | 0 | 2 | 0 | 1 | 20 | 77 | 101.50 | 1 | 2 | 0.00 | 0.00 |
| History - European | 0 | 3 | 2 | 0 | 20 | 50 | 83.33 | 2 | 2 | 0.00 | 0.00 |
| Literature - American | 0 | 2 | 0 | 0 | 20 | 71 | 87.00 | 0 | 2 | 0.00 | 0.00 |
| Other Academic | 0 | 2 | 0 | 0 | 20 | 100 | 112.50 | 0 | 2 | 0.00 | 0.00 |
| Philosophy | 0 | 2 | 0 | 0 | 20 | 72 | 89.00 | 1 | 1 | 0.00 | 0.00 |
| History - World | 0 | 4 | 5 | 0 | 15 | 63 | 86.75 | 0 | 4 | 0.00 | 0.00 |
| Current Events | 0 | 1 | 0 | 0 | 10 | 93 | 93.00 | 1 | 1 | 0.00 | 0.00 |
| History - American | 0 | 2 | 2 | 1 | 10 | 88 | 104.00 | 1 | 2 | 0.00 | 0.00 |
| Religion | 0 | 1 | 0 | 0 | 10 | 64 | 64.00 | 0 | 1 | 0.00 | 0.00 |
| Science - Physics | 0 | 1 | 0 | 0 | 10 | 98 | 98.00 | 0 | 0 | 0.00 | 0.00 |
| Fine Arts - Painting and Sculpture | 0 | 1 | 2 | 0 | 0 | 116 | 116.00 | 0 | 1 | 0.00 | 0.00 |
| Social Science | 0 | 0 | 0 | 0 | 0 | 0.00 | 0 | 0 | 0.00 | 0.00 | |
| Fine Arts - Other | 0 | 0 | 0 | 0 | 0 | 0.00 | 0 | 0 | 0.00 | 0.00 | |
| Literature - World | 0 | 1 | 2 | 0 | 0 | 91 | 91.00 | 0 | 1 | 0.00 | 0.00 |
| Literature - European | 0 | 1 | 2 | 0 | 0 | 89 | 89.00 | 0 | 1 | 0.00 | 0.00 |
| Fine Arts - Classical Music | 0 | 0 | 1 | 0 | -5 | 0.00 | 0 | 0 | 0.00 | 0.00 |